Sports Quiz

Random Sports or Football Quiz

Bowl eligible teams who didn`t make a bowl game in Quiz Stats

 Plays Quiz not verified by Sporcle

Challenge
Share
Tweet
Embed
Score 0/9 Timer 02:00
0 Plays Today
Record/ Conference Team % Correct
7-5 (MAC)Toledo
63.6%
6-6 (MAC)Central Michigan
63.6%
8-4 (Sun Belt)Western Kentucky
63.6%
6-6 (Sun Belt)Troy
63.6%
6-6 (C-USA)Florida atlantic
45.5%
6-6 (MWC)San Jose State
36.4%
6-6 (Sun Belt)Louisiana Monroe
36.4%
6-6 ( Sun Belt)Texas State
36.4%
6-6 (Sun Belt)South Alabama
9.1%

You're not logged in!

Compare scores with friends on all Sporcle quizzes.
Join for Free
OR
Log In

You Might Also Like...

Show Comments

Extras

Top Quizzes Today


Score Distribution

Your Account Isn't Verified!

In order to create a playlist on Sporcle, you need to verify the email address you used during registration. Go to your Sporcle Settings to finish the process.

Report this User

Report this user for behavior that violates our Community Guidelines.

Details: